Law & practice of incom-tax in India : (Record no. 125519)

MARC details
000 -LEADER
fixed length control field 00761nam a22002297a 4500
005 - DATE AND TIME OF LATEST TRANSACTION
control field 20170124105956.0
010 ## - LIBRARY OF CONGRESS CONTROL NUMBER
LC control number A-160050
020 ## - INTERNATIONAL STANDARD BOOK NUMBER
Terms of availability 45.00
035 ## - SYSTEM CONTROL NUMBER
System control number A-160050
037 ## - SOURCE OF ACQUISITION
Source of stock number/acquisition Cen Lib/Ret
040 ## - CATALOGING SOURCE
Original cataloging agency DPL
Language of cataloging EN
082 ## - DEWEY DECIMAL CLASSIFICATION NUMBER
Classification number 336.240954
Item number BHA
100 ## - MAIN ENTRY--PERSONAL NAME
Personal name Bhagwati Prasad
9 (RLIN) 80389
245 ## - TITLE STATEMENT
Title Law & practice of incom-tax in India :
Remainder of title by R.A. Dhruv
Statement of responsibility, etc including wealth-tax, gift-tax, estate duty and companies (profit) surtax act, 1964 /
250 ## - EDITION STATEMENT
Edition statement 15th rev.ed
260 ## - PUBLICATION, DISTRIBUTION, ETC. (IMPRINT)
Place of publication, distribution, etc Aligarh
Name of publisher, distributor, etc Navman Prakashan
Date of publication, distribution, etc 1980
270 ## - ADDRESS
Address Madar Gate
City Aligarh
Postal code 202001
300 ## - PHYSICAL DESCRIPTION
Extent various pagings
Dimensions 24cm(Hb)
650 ## - SUBJECT ADDED ENTRY--TOPICAL TERM
Topical term or geographic name as entry element Direct taxation--Law and legislation
9 (RLIN) 80390
650 ## - SUBJECT ADDED ENTRY--TOPICAL TERM
Topical term or geographic name as entry element Direct taxation
9 (RLIN) 80391
942 ## - ADDED ENTRY ELEMENTS (KOHA)
Source of classification or shelving scheme Dewey Decimal Classification
Koha item type English Books
Classification part 336.240954
Call number suffix BHA
Holdings
Withdrawn status Lost status Damaged status Not for loan Home library Current library Date acquired Source of acquisition Cost, normal purchase price Total Checkouts Full call number Barcode Date last seen Copy number Cost, replacement price Price effective from Koha item type
        Central Library Central Library 22/06/2015 Cen Lib/Ret 45.00   336.240954 BHA A-160050 22/06/2015 1 45.00 22/06/2015 English Books

© Delhi Public Library
Hit Counter
free hit counter